All Teams Ever Played for by Carlos Tevez - Statistics

General Stats
  • This quiz has been taken 114 times
  • The average score is 7 of 9
Answer Stats
Years Answer % Correct
2009-2013 Manchester City
98%
2007-2009 Manchester United
98%
2013-2015 Juventus
93%
2018- Boca Juniors
90%
2015-2016 Boca Juniors
90%
2001-2004 Boca Juniors
90%
2006-2007 West Ham United
69%
2005-2006 Corinthians
30%
2017 Shanghai Shenhua
20%
No matching quizzes found
Score Distribution
Percent of People with Each Score
Percentile by Number Answered
Your Score History
You have not taken this quiz